Statistiques concernant Culture Générale - Série 126

Cliquez ici pour prendre le quiz!

Statistiques générales

  • Ce quiz a été pris 313 fois
  • Le résultat moyen est 5 sur 10

Statistiques - réponses

QuestionRéponse% Correct
Dans quel océan se trouve l'archipel d'Hawaï ?Océan Pacifique
98%
Quelle mythologie compte Déméter parmi ses divinités ?Grecque
79%
Dans une chanson de 1994, que passe Alain Souchon "à la machine" ?L'amour
58%
Quel jeune chanteur connaît le succès en chantant "Ces soirées-là" en 2000 ?Yannick
47%
Quel art a rendu célèbre Pina Bausch ?Danse
43%
Quel mot familier sert à désigner une eau-de-vie dans les pays germaniques ?Schnaps
40%
De quelle "bande" comique a fait partie Terry Gilliam ?Monty Python
34%
Qui incarna Jean Valjean dans "Les Misérables", de Robert Hossein ?Lino Ventura
29%
A quel chanteur doit-on le tube "Ainsi soit-il" en 1981 ?Louis Chédid
16%
Quel personnage Roxane épouse-t-elle dans la pièce "Cyrano de Bergerac" ?Christian
8%

Distribution des résultats

Percentile par nombre de réponses

% des personnes avec chaque résultat

Votre développement - résultats

Vous n’avez pas pris ce quiz